| 000 | 01123nam a22002537a 4500 | ||
|---|---|---|---|
| 005 | 20240305165556.0 | ||
| 007 | cr|||| |||| | ||
| 008 | 210204s2020 pe |||||s|||| 00||0 spa d | ||
| 020 | _a978-612-4460-23-4 | ||
| 035 | _a32317 | ||
| 040 | _avLex | ||
| 090 |
_c11091 _d11091 |
||
| 100 | 1 | _aRíos Patio, Gino | |
| 245 | 1 | 0 |
_aNuevos horizontes en la investigación criminológica ultra-realismo _h[Recurso electrónico] / _cGino Ríos Patio, Antonio Silva |
| 256 | _aServicio en línea | ||
| 260 |
_aLima: _bUniversidad de San Martin de Porres, _c2020 |
||
| 300 | _a1 recurso electrónico | ||
| 506 | 1 |
_aDisponible solo en los productos indicados _dvLex Global _dvLex Global (Academic Edition, excluding Law Schools) _dvLex Global (U.S. Academic Edition, Law Schools) _dvLex Global (U.S. Academic Edition, excluding Law Schools) _dvLex Global (Academic Edition, Law Schools) |
|
| 650 | 0 | 4 |
_aDerecho Penal _zPerú |
| 700 | 1 | _aSilva, Antonio | |
| 740 | 0 | _avLex Libros (Servicio en línea) | |
| 856 | 4 | 0 | _uhttps://app.vlex.com/#/sources/nuevos-horizontes-investigacion-criminologica-ultra-realismo-32317 |
| 942 | _cRAA | ||
| 999 |
_c169327 _d169327 |
||